Entry Personal Name
Number of records used in: 1
001 - CONTROL NUMBER
003 - CONTROL NUMBER IDENTIFIER
005 - DATE AND TIME OF LATEST TRANSACTION
- control field:
20230915130307.0
008 - FIXED-LENGTH DATA ELEMENTS
- fixed length control field:
890309n| azannaab |n aaa b
010 ## - LIBRARY OF CONGRESS CONTROL NUMBER
- LC control number:
n 88045835
040 ## - CATALOGING SOURCE
- Original cataloging agency:
DNLM
- Language of cataloging:
eng
- Description conventions:
rda
- Transcribing agency:
DLC
- Modifying agency:
DLC
100 1# - HEADING--PERSONAL NAME
- Personal name:
Hoeger, Werner W. K.
375 ## - GENDER
670 ## - SOURCE DATA FOUND
- Source citation:
His The complete guide for the development and implementation of health promotion programs, c1987:
- Information found:
t.p. (Werner W.K. Hoeger, Boise State Univ.)